Catálogo - Centro de Recursos para el Aprendizaje y la Investigación
Volver al Sitio - CRAI Biblioteca| 000 -CABECERA | |
|---|---|
| campo de control de longitud fija | 01502nam a22002417a 4500 |
| 001 - NÚMERO DE CONTROL | |
| campo de control | 114092 |
| 003 - IDENTIFICADOR DEL NÚMERO DE CONTROL | |
| campo de control | DR-UNIBE |
| 005 - FECHA Y HORA DE LA ÚLTIMA TRANSACCIÓN | |
| campo de control | 20250919140043.0 |
| 008 - DATOS DE LONGITUD FIJA--INFORMACIÓN GENERAL | |
| campo de control de longitud fija | 250919b1999 dr ||||| |||| 00| 0 spa d |
| 040 ## - FUENTE DE LA CATALOGACIÓN | |
| Centro catalogador/agencia de origen | BIBLIOTECA UNIBE |
| Lengua de catalogación | spa |
| Centro/agencia transcriptor | BIBLIOTECA UNIBE |
| Normas de descripción | rda |
| 041 ## - CÓDIGO DE LENGUA | |
| Código de lengua del texto/banda sonora o título independiente | spa |
| 082 ## - NÚMERO DE LA CLASIFICACIÓN DECIMAL DEWEY | |
| Número de edición | 22 |
| Número de clasificación | RD 346.044 T454 1999 |
| 100 10 - ENTRADA PRINCIPAL--NOMBRE DE PERSONA | |
| Nombre de persona | Thomas Báez, Néctor de Jesús, |
| Fechas asociadas al nombre | 1950- |
| 9 (RLIN) | 199332 |
| Término indicativo de función/relación | autor |
| 245 10 - MENCIÓN DE TÍTULO | |
| Título | Distritos catastrales de la República Dominicana / |
| Mención de responsabilidad, etc. | Néctor de Jesús Thomás Báez |
| 250 ## - MENCIÓN DE EDICIÓN | |
| Mención de edición | primera edición |
| 260 ## - PUBLICACIÓN, DISTRIBUCIÓN, ETC. | |
| Lugar de publicación, distribución, etc. | Santo Domingo : |
| Nombre del editor, distribuidor, etc. | Corripio, |
| Fecha de publicación, distribución, etc. | 1999 |
| 300 ## - DESCRIPCIÓN FÍSICA | |
| Extensión | 609 páginas : |
| Otras características físicas | mapas ; |
| Dimensiones | 22 x 14 cm |
| 505 ## - NOTA DE CONTENIDO CON FORMATO | |
| Nota de contenido con formato | Presentación |<br/>Distritos catastrales de la República Dominicana |<br/>Espaillat |<br/>La Vega |<br/>Puerto Plata |<br/>Monseñor Nouel|<br/>santiago |<br/> Duarte |<br/>María Trinidad Sánchez |<br/>Salcedo|<br/>Samaná |<br/>Sánchez Ramírez |<br/>Dajabón ┌<br/>Montecristi |<br/>Santiago Rodríguez |<br/>Valverde |<br/>Bahoruco |<br/>Barahona |<br/>Independencia |<br/>Pedernales |<br/>Azua |<br/>Elías Piña |<br/>San Juan |<br/>Distrito Nacional |<br/>Peravia |<br/>San Cristobal |<br/>Monte Plata |<br/>El Seybo |<br/>La Altagracia |<br/>La Romana |<br/>Hato Mayor |<br/>San Pedro de Macorís |<br/>Anexos |<br/>Tabla de conversiones |<br/>Tabla de equivalencias |<br/>Tribunales de Tierras de la República Dominicana |
| 650 #7 - PUNTO DE ACCESO ADICIONAL DE MATERIA--TÉRMINO DE MATERIA | |
| Fuente del encabezamiento o término | lemb |
| Término de materia o nombre geográfico como elemento de entrada | Catastro |
| Subdivisión geográfica | República Dominicana |
| 9 (RLIN) | 2568 |
| 700 10 - PUNTO DE ACCESO ADICIONAL--NOMBRE DE PERSONA | |
| Nombre de persona | Castro Burdiez, Tomás, |
| Fechas asociadas al nombre | 1959 - |
| 9 (RLIN) | 28654 |
| Término indicativo de función/relación | cuidado de la edición |
| 710 10 - PUNTO DE ACCESO ADICIONAL--NOMBRE DE ENTIDAD CORPORATIVA | |
| Nombre de entidad corporativa o nombre de jurisdicción como elemento de entrada | Punto Creativo |
| 9 (RLIN) | 195362 |
| Término indicativo de función/relación | diagramador |
| -- | diseñador de portada |
| 942 ## - ELEMENTOS DE PUNTO DE ACCESO ADICIONAL (KOHA) | |
| Fuente del sistema de clasificación o colocación | Sistema de Clasificación Decimal Dewey |
| Tipo de ítem Koha | Libro (general) |
| Estado de retiro | Estado de pérdida | Fuente del sistema de clasificación o colocación | No para préstamo | Código de colección | Localización permanente | Fecha de adquisición | Total de préstamos | Signatura topográfica completa | Código de barras | Fecha visto por última vez | Número de copia | Precio válido a partir de | Tipo de ítem Koha |
|---|---|---|---|---|---|---|---|---|---|---|---|---|---|
| Disponible | Sistema de Clasificación Decimal Dewey | General - Libros dominicanos | Biblioteca Central UNIBE | 22/09/2025 | RD 346.044 T454 1999 | 251020 | 19/09/2025 | Ej. 1 | 19/09/2025 | Libro (general) |